00313nam a2200109Ia 4500008004100000082001800041100002600059245002900085260003900114630001800153650003200171211109s9999||||xx |||||||||||||| ||und|| a891.43bNAR-B aNarvane [v Dinakar],  0aBharathiya Vianahar Kesh bNATIONAL BOOKSTALLaKottayamc1961 xGeneral Stack aHindi LiteraturexGeneralia